| 000 | 01016nam a2200277Ia 4500 | ||
|---|---|---|---|
| 001 | Para_2840 | ||
| 003 | CHAP | ||
| 008 | 220125s1989 xx 000 0 und d | ||
| 010 | _a201336 | ||
| 040 | _cCHAP | ||
| 090 | _aPA TESIS 465 | ||
| 100 |
_aMichel Aceves, Alejandro C. _975397 |
||
| 245 |
_aResistencia a Helminthosporium teres Sacc., entre variedades y líneas de cebada y tipo de herencia de esta resistencia / _c por Alejandro C. Michel Aceves |
||
| 260 |
_aChapingo, Méx. : _b El autor |
||
| 300 | _a82 h. | ||
| 502 | _aTesis (M.C. Esp. en Protección Vegetal) -- UACh. Departamento de Parasitología Agrícola | ||
| 650 |
_aCebada _x Enfermedades Cebada _x Variedades resistentes a enfermedades Helminthosporium teres _9166238 |
||
| 710 |
_aUACh. Departamento de Parasitología Agrícola _9115877 |
||
| 901 | _aPA TESIS 465 | ||
| 902 | _aA | ||
| 905 | _a0000001989 CHA 0000000000 00 | ||
| 910 | _a1989 | ||
| 942 | _cPARA | ||
| 942 |
_cPARA _d1 |
||
| 999 |
_c201336 _d201336 |
||